[Event "11th EUR-ch"]
[Site "Rijeka CRO"]
[Date "2010.03.06"]
[Round "1"]
[White "Ortega, Lexy"]
[Black "Almasi, Zoltan"]
[Result "1/2-1/2"]
[WhiteElo "2479"]
[BlackElo "2720"]
[EventDate "2010.03.06"]
[PlyCount "102"]

1.d4 Nf6 2.c4 e6 3.g3 d5 4.Bg2 Bb4+ 5.Bd2 Be7 6.Nf3 Nbd7 7.Qc2 c6 8.O-O b6
9.Rd1 Bb7 10.Bf4 Rc8 11.Nc3 dxc4 12.Nd2 Nd5 13.Nxc4 Nxf4 14.gxf4 O-O 15.a3
Nf6 16.e3 Qc7 17.Rac1 Rfd8 18.b4 Qb8 19.Qb3 Ba8 20.Ne5 g6 21.Ne4 Nd7 22.
Nc4 Rc7 23.Rb1 Rcc8 24.Qa2 Bb7 25.Rdc1 c5 26.Ned6 Bxg2 27.Nxc8 Qxc8 28.
Kxg2 Qb7+ 29.Kg1 cxd4 30.Qe2 Nf6 31.Ne5 Qe4 32.Rd1 Nd5 33.Qd3 Qxd3 34.Rxd3
dxe3 35.fxe3 Rc8 36.Rf1 Bf6 37.Nf3 Bb2 38.Rf2 Bc1 39.Re2 Rc3 40.Rxc3 Nxc3 
41.Re1 Bxa3 42.Ra1 Bxb4 43.Rxa7 Bc5 44.Ng5 Bxe3+ 45.Kg2 Bxf4 46.Nxf7 e5 
47.Nd6 e4 48.Nxe4 Nxe4 49.Kf3 Bxh2 50.Kxe4 Bg1 51.Ke5 Bf2 1/2-1/2

[Event "11th EUR-ch"]
[Site "Rijeka CRO"]
[Date "2010.03.06"]
[Round "1"]
[White "Bacrot, Etienne"]
[Black "Carlsson, Pontus"]
[Result "1-0"]
[WhiteElo "2714"]
[BlackElo "2478"]
[EventDate "2010.03.06"]
[PlyCount "113"]

1.d4 Nf6 2.c4 e6 3.g3 d5 4.Nf3 dxc4 5.Bg2 a6 6.Ne5 c5 7.Be3 Nd5 8.dxc5 Nd7
9.Bd4 Nxc5 10.O-O b5 11.Bxc5 Bxc5 12.e4 Nb4 13.Qxd8+ Kxd8 14.Nxf7+ Ke7 15.
Nxh8 Bb7 16.a4 Nc2 17.Ra2 b4 18.b3 cxb3 19.Rb2 Rxh8 20.Nd2 Bd4 21.Rxb3 Rf8
22.e5 Bd5 23.Be4 Bxe4 24.Nxe4 Bxe5 25.a5 Rb8 26.Kg2 Nd4 27.Rbb1 Bc7 28.Nc5
Bxa5 29.Nxa6 Rb6 30.Nc5 Rb5 31.Rfd1 e5 32.Nd3 Ne2 33.Re1 Nc3 34.Rb2 Kf6 
35.Rb3 e4 36.Nb2 Rc5 37.Nd1 Kf5 38.Ne3+ Ke5 39.Rb2 Na4 40.Rb3 Nc3 41.Ra1 
Kd4 42.Rb2 Rb5 43.Rd2+ Kc5 44.Rc1 Kc6 45.Rd4 Bb6 46.Rxe4 Bc5 47.Rc4 Kd6 
48.Nd1 Ne2 49.R1c2 Nd4 50.Rd2 Ke5 51.h4 h5 52.Ne3 g6 53.f4+ Ke6 54.Rxc5 
Rxc5 55.Rxd4 Rb5 56.Rd2 b3 57.Rb2 1-0

[Event "11th EUR-ch"]
[Site "Rijeka CRO"]
[Date "2010.03.06"]
[Round "1"]
[White "Brunello, Sabino"]
[Black "Movsesian, Sergei"]
[Result "0-1"]
[WhiteElo "2476"]
[BlackElo "2709"]
[EventDate "2010.03.06"]
[PlyCount "104"]

1.d4 Nf6 2.c4 d6 3.Nc3 Nbd7 4.e4 e5 5.Nge2 a6 6.f3 c6 7.Be3 h5 8.Nc1 b5 9.
d5 cxd5 10.cxd5 g6 11.Nd3 Bh6 12.Bxh6 Rxh6 13.Qd2 Rh8 14.a4 bxa4 15.Nxa4 
a5 16.b3 Ba6 17.Ndb2 Bxf1 18.Rxf1 Qb8 19.Qc3 Ke7 20.Nc4 Rc8 21.Rf2 Qb5 22.
Rfa2 Rab8 23.Nab2 Nc5 24.Rxa5 Qxb3 25.Ra7+ Nfd7 26.Qd2 Qb4 27.R1a2 Qxd2+ 
28.Kxd2 Nb3+ 29.Kd1 Nd4 30.R7a6 Nb5 31.Kd2 Nc5 32.Rc6 f5 33.Nd3 Nb3+ 34.
Ke1 N3d4 35.Rxc8 Rxc8 36.Ra4 h4 37.h3 Rc7 38.Kd2 Kf6 39.Rb4 Ra7 40.Rb2 Ra4
41.Ne3 Kg5 42.Nd1 Ra1 43.exf5 gxf5 44.Rb4 Ra3 45.Rc4 e4 46.fxe4 fxe4 47.
N3f2 Kf4 48.Rc8 Ra2+ 49.Ke1 Nc2+ 50.Kf1 Ne3+ 51.Nxe3 Kxe3 52.Ng4+ Kd3 0-1

[Event "11th EUR-ch"]
[Site "Rijeka CRO"]
[Date "2010.03.06"]
[Round "1"]
[White "Navara, David"]
[Black "Durarbayli, Vasif"]
[Result "1-0"]
[WhiteElo "2708"]
[BlackElo "2476"]
[EventDate "2010.03.06"]
[PlyCount "89"]

1.e4 c5 2.Nf3 d6 3.d4 cxd4 4.Nxd4 Nf6 5.Nc3 Nc6 6.Bg5 e6 7.Qd2 Be7 8.O-O-O
a6 9.f4 Nxd4 10.Qxd4 b5 11.Be2 Bb7 12.Bf3 O-O 13.e5 Bxf3 14.exf6 gxf6 15.
gxf3 fxg5 16.Ne4 d5 17.h4 Qc7 18.Nxg5 Rac8 19.c3 Qc4 20.Qe5 Qc7 21.Rxd5 
Qxe5 22.Rxe5 Bd6 23.Re4 h6 24.Nh3 Rfd8 25.Rd1 Bc5 26.Rxd8+ Rxd8 27.f5 exf5
28.Re5 Bd6 29.Rxf5 Be7 30.h5 b4 31.Kc2 bxc3 32.bxc3 Bh4 33.Nf4 Kg7 34.a4 
Re8 35.Nd3 Re2+ 36.Kb3 Bf6 37.Nc5 Be5 38.f4 Bf6 39.Nxa6 Re3 40.Rc5 Rf3 41.
a5 Rxf4 42.Nc7 Be7 43.Rc4 Rf5 44.a6 Ra5 45.Ra4 1-0

[Event "11th EUR-ch"]
[Site "Rijeka CRO"]
[Date "2010.03.06"]
[Round "1"]
[White "Shytaj, Luca"]
[Black "Adams, Michael"]
[Result "0-1"]
[WhiteElo "2472"]
[BlackElo "2704"]
[EventDate "2010.03.06"]
[PlyCount "68"]

1.e4 e5 2.Nf3 Nc6 3.Nc3 Nf6 4.Bb5 Bd6 5.a3 a6 6.Bc4 Bc5 7.d3 d6 8.Be3 O-O 
9.O-O Bxe3 10.fxe3 Ne7 11.d4 Ng6 12.Qe1 b5 13.Bb3 c5 14.dxc5 dxc5 15.Rd1 
Bd7 16.Bd5 Ra7 17.Ne2 c4 18.Qc3 Qb6 19.h3 Re8 20.Rf2 Bc6 21.Ng3 Rd7 22.
Rfd2 Bxd5 23.exd5 h5 24.h4 e4 25.Ng5 Nxh4 26.d6 Qc5 27.Nh3 Nf5 28.Nxf5 
Qxf5 29.Nf4 Qg5 30.Rf1 Red8 31.Nh3 Qg3 32.Rxf6 gxf6 33.Nf2 Rxd6 34.Nxe4 
Qe1+ 0-1

[Event "11th EUR-ch"]
[Site "Rijeka CRO"]
[Date "2010.03.06"]
[Round "1"]
[White "Yilmaz, Mustafa"]
[Black "Alekseev, Evgeny"]
[Result "0-1"]
[WhiteElo "2468"]
[BlackElo "2700"]
[EventDate "2010.03.06"]
[PlyCount "66"]

1.e4 e5 2.Bc4 Nf6 3.d3 Nc6 4.Nf3 Bc5 5.Nc3 h6 6.Be3 Bb6 7.Nd5 d6 8.c3 O-O 
9.Nxb6 axb6 10.Bb3 d5 11.Bc2 Be6 12.O-O Ng4 13.Bd2 f5 14.exf5 Bxf5 15.Re1 
Qd6 16.h3 Nf6 17.Nh4 Bh7 18.Re3 Kh8 19.g4 e4 20.d4 Ng8 21.Qe2 Nge7 22.Ng2 
Rf7 23.a3 Raf8 24.Rf1 Nd8 25.Bd1 Ne6 26.h4 Ng6 27.Qe1 c5 28.dxc5 bxc5 29.
Rg3 Ne5 30.g5 hxg5 31.hxg5 Nd3 32.Rxd3 exd3 33.f4 Nxg5 0-1

[Event "11th EUR-ch"]
[Site "Rijeka CRO"]
[Date "2010.03.06"]
[Round "1"]
[White "Jobava, Baadur"]
[Black "Neubauer, Martin"]
[Result "1-0"]
[WhiteElo "2695"]
[BlackElo "2465"]
[EventDate "2010.03.06"]
[PlyCount "71"]

1.d4 Nf6 2.c4 e6 3.Nc3 Bb4 4.a3 Bxc3+ 5.bxc3 c5 6.e3 O-O 7.Bd3 Nc6 8.Ne2 
b6 9.e4 Ne8 10.O-O Ba6 11.Ng3 Rc8 12.f4 f6 13.e5 f5 14.d5 Na5 15.Qe2 g6 
16.d6 Ng7 17.Ra2 Rb8 18.a4 Qc8 19.Rf3 Kf7 20.Nf1 Rh8 21.Rh3 Qc6 22.Ne3 
Rbg8 23.Rh6 Nh5 24.Rxh5 gxh5 25.Qxh5+ Rg6 26.Nxf5 exf5 27.Bxf5 Qc8 28.Be4 
Bb7 29.Bxb7 Qxb7 30.f5 Qe4 31.fxg6+ hxg6 32.Rf2+ Kg7 33.Qg5 Qh4 34.e6 dxe6
35.Qe5+ Kg8 36.Qxe6+ 1-0

[Event "11th EUR-ch"]
[Site "Rijeka CRO"]
[Date "2010.03.06"]
[Round "1"]
[White "Doric, Darko"]
[Black "Naiditsch, Arkadij"]
[Result "0-1"]
[WhiteElo "2464"]
[BlackElo "2691"]
[EventDate "2010.03.06"]
[PlyCount "110"]

1.d4 Nf6 2.c4 e6 3.Nf3 Bb4+ 4.Nbd2 O-O 5.a3 Be7 6.e3 b6 7.Bd3 Bb7 8.O-O c5
9.b3 cxd4 10.Nxd4 d5 11.Bb2 Nbd7 12.Rc1 Nc5 13.Bb1 dxc4 14.Nxc4 a5 15.f3 
Rc8 16.Rf2 Nd5 17.e4 Nf4 18.b4 axb4 19.axb4 Na6 20.b5 Nb4 21.Rd2 Bg5 22.
Nc6 Bxc6 23.Rxd8 Rfxd8 24.Nd6 Nfd3 25.Rxc6 Nxb2 26.Qb3 Nxc6 27.Nxc8 Nd4 
28.Ne7+ Bxe7 29.Qxb2 Ra8 30.Kf2 Ra3 31.Kg3 Bc5 32.Ba2 Rc3 33.Bb1 Re3 34.
Qa2 g6 35.Qa8+ Kg7 36.e5 Rxe5 37.Be4 Ne2+ 38.Kg4 f5+ 39.Kh3 fxe4 40.fxe4 
Rh5+ 41.Kg4 Rxh2 42.e5 h5+ 43.Kf3 Nd4+ 44.Kg3 Rh1 45.Qb7+ Kh6 46.Qb8 Nf5+ 
47.Kf3 Rf1+ 48.Ke4 Re1+ 49.Kd3 Re3+ 50.Kd2 Kg5 51.Qd8+ Kf4 52.Qf6 g5 53.
Qxe6 Rxe5 54.Qc4+ Kg3 55.Qf1 g4 0-1

[Event "11th EUR-ch"]
[Site "Rijeka CRO"]
[Date "2010.03.06"]
[Round "1"]
[White "Rasulov, Vugar Ural Oglu"]
[Black "Volokytin, Andriy"]
[Result "1/2-1/2"]
[WhiteElo "2457"]
[BlackElo "2687"]
[EventDate "2010.03.06"]
[PlyCount "152"]

1.e4 c5 2.Nf3 e6 3.d4 cxd4 4.Nxd4 a6 5.Nc3 Qc7 6.Be2 b5 7.f4 Bb7 8.Bf3 d6 
9.O-O Nd7 10.Qe2 e5 11.fxe5 dxe5 12.Nf5 g6 13.Ne3 Ngf6 14.Kh1 Bg7 15.a4 b4
16.Ncd5 Nxd5 17.Nxd5 Bxd5 18.exd5 Qd6 19.Qc4 f5 20.Qc6 Ke7 21.Bd2 a5 22.c3
bxc3 23.Bxc3 Rhc8 24.Qb5 Bf6 25.Rae1 Rc5 26.Qe2 Kd8 27.g4 e4 28.gxf5 Bxc3 
29.bxc3 gxf5 30.Bg2 Qxd5 31.Rd1 Qe6 32.Qf2 Qe5 33.Bh3 Kc7 34.Bxf5 Nf6 35.
Bh3 Ra6 36.Qg2 Qg5 37.Qa2 Rd5 38.Rd4 Rxd4 39.cxd4 Qd5 40.Qxd5 Nxd5 41.Rf7+
Kd6 42.Rd7+ Kc6 43.Rxh7 Nf6 44.Rh8 Kd5 45.Bf1 Rd6 46.Ra8 Kxd4 47.Rxa5 Nd5 
48.Ra6 Rd8 49.a5 Ne3 50.Be2 Rc8 51.Rd6+ Ke5 52.Rg6 Rc2 53.Bh5 Ra2 54.a6 
Ra1+ 55.Rg1 Rxa6 56.Bg6 Kf4 57.h4 Ra2 58.Bf7 Rc2 59.Be6 Rc6 60.Bd7 Rh6 61.
Rg8 Rxh4+ 62.Kg1 Nc4 63.Kg2 Ne5 64.Bb5 Nf3 65.Rf8+ Ke3 66.Ra8 Rg4+ 67.Kh3 
Rg6 68.Bd7 Nd4 69.Bg4 Rf6 70.Kg3 Kd3 71.Ra3+ Kd2 72.Ra4 Rd6 73.Kf4 e3 74.
Ke5 Nb5 75.Ra2+ Kc3 76.Re2 Kd3 1/2-1/2

[Event "11th EUR-ch"]
[Site "Rijeka CRO"]
[Date "2010.03.06"]
[Round "1"]
[White "Bologan, Viorel"]
[Black "Kalegin, Evgeny"]
[Result "1-0"]
[WhiteElo "2684"]
[BlackElo "2456"]
[EventDate "2010.03.06"]
[PlyCount "46"]

1.e4 c5 2.Nf3 e6 3.d4 cxd4 4.Nxd4 a6 5.Nc3 b5 6.Bd3 d6 7.O-O Nf6 8.a4 b4 
9.Na2 e5 10.Nf5 Bxf5 11.exf5 d5 12.Bg5 Be7 13.Bxf6 gxf6 14.c4 dxc4 15.Qf3 
Qxd3 16.Qxa8 O-O 17.Qb7 Bc5 18.Rad1 Qb3 19.Qc7 Bd4 20.Nc1 Qc2 21.Qd6 Qxa4 
22.Ne2 Qc6 23.Qxb4 Rd8 1-0

[Event "11th EUR-ch"]
[Site "Rijeka CRO"]
[Date "2010.03.06"]
[Round "1"]
[White "Todorovic, Goran"]
[Black "Caruana, Fabiano"]
[Result "0-1"]
[WhiteElo "2453"]
[BlackElo "2680"]
[EventDate "2010.03.06"]
[PlyCount "66"]

1.e4 c5 2.Nf3 e6 3.d4 cxd4 4.Nxd4 a6 5.Bd3 Nf6 6.Qe2 d6 7.O-O g6 8.c4 Bg7 
9.Nc3 O-O 10.Rd1 Qc7 11.h3 Nc6 12.Nf3 Nd7 13.Bf4 Bxc3 14.bxc3 e5 15.Bh6 
Re8 16.Nh2 Nc5 17.Bc2 f6 18.Qf3 Qe7 19.Nf1 Be6 20.Ne3 Nd8 21.Nf5 gxf5 22.
exf5 Bd7 23.Rxd6 Kh8 24.Rad1 Bc6 25.Qh5 Nf7 26.Rxc6 bxc6 27.Be3 Rf8 28.Qh4
Rad8 29.Bxc5 Rxd1+ 30.Bxd1 Qxc5 31.Qxf6+ Kg8 32.Bh5 Nd6 33.Qg5+ Kh8 0-1

[Event "11th EUR-ch"]
[Site "Rijeka CRO"]
[Date "2010.03.06"]
[Round "1"]
[White "Sargissian, Gabriel"]
[Black "Womacka, Mathias"]
[Result "1/2-1/2"]
[WhiteElo "2675"]
[BlackElo "2452"]
[EventDate "2010.03.06"]
[PlyCount "70"]

1.d4 Nf6 2.c4 e6 3.g3 c5 4.d5 exd5 5.cxd5 d6 6.Nc3 g6 7.Nf3 Bg7 8.Bg2 O-O 
9.O-O Nbd7 10.Bf4 Qe7 11.h3 a6 12.a4 Rb8 13.a5 b5 14.axb6 Rxb6 15.Ra2 h6 
16.Re1 Nh5 17.Bd2 f5 18.e4 f4 19.g4 Nhf6 20.e5 Nxe5 21.Nxe5 dxe5 22.Bxf4 
Nxg4 23.Bg3 Nf6 24.Rxe5 Qd8 25.Na4 Rb5 26.d6 Nh5 27.Rxc5 Nxg3 28.fxg3 Rxc5
29.Nxc5 Qb6 30.b4 Qxb4 31.Ne4 Bb7 32.Re2 Rd8 33.Kh2 Bxe4 34.Rxe4 Rxd6 35.
Rxb4 Rxd1 1/2-1/2

[Event "11th EUR-ch"]
[Site "Rijeka CRO"]
[Date "2010.03.06"]
[Round "1"]
[White "Potapov, Alexander"]
[Black "Kurnosov, Igor"]
[Result "0-1"]
[WhiteElo "2446"]
[BlackElo "2674"]
[EventDate "2010.03.06"]
[PlyCount "60"]

1.d4 Nf6 2.c4 g6 3.Nc3 d5 4.Bf4 Bg7 5.e3 O-O 6.Nf3 c5 7.dxc5 Qa5 8.Rc1 
Nbd7 9.cxd5 Ne4 10.Nd4 Nxc3 11.bxc3 Nxc5 12.Bc4 Bd7 13.O-O Rac8 14.Qe2 Na4
15.Nb3 Qb6 16.Nd4 Qc5 17.Bb3 Nxc3 18.Qd3 a5 19.Rc2 a4 20.Rfc1 axb3 21.axb3
Qxd5 22.Rxc3 e5 23.Ne2 Qxd3 24.Rxd3 Rxc1+ 25.Nxc1 Rc8 26.Na2 Bf5 27.e4 
Bxe4 28.Rc3 Rd8 29.f3 exf4 30.fxe4 Rd1+ 0-1

[Event "11th EUR-ch"]
[Site "Rijeka CRO"]
[Date "2010.03.06"]
[Round "1"]
[White "Areschenko, Alexander"]
[Black "Zufic, Miroslav"]
[Result "1-0"]
[WhiteElo "2670"]
[BlackElo "2445"]
[EventDate "2010.03.06"]
[PlyCount "71"]

1.e4 c5 2.Nf3 d6 3.d4 cxd4 4.Nxd4 Nf6 5.Nc3 a6 6.Bc4 e6 7.a4 Be7 8.O-O O-O
9.Kh1 Nxe4 10.Nxe4 d5 11.Bd3 dxe4 12.Bxe4 f5 13.Bf3 e5 14.Nb3 Qc7 15.Bd5+ 
Kh8 16.a5 Nd7 17.c4 f4 18.Bd2 Nf6 19.Bc3 Bf5 20.Re1 Ng4 21.Qf3 Bh4 22.Bxe5
Nxe5 23.Qxf4 Bc2 24.Qxh4 Ng6 25.Qh3 Nf4 26.Qc3 Bxb3 27.Qxb3 Nxd5 28.cxd5 
Rxf2 29.Rad1 Rd8 30.d6 Qc6 31.Qg3 Rf6 32.d7 h6 33.Re7 Rg6 34.Qf3 Qa4 35.b3
Qb5 36.Qd5 1-0

[Event "11th EUR-ch"]
[Site "Rijeka CRO"]
[Date "2010.03.06"]
[Round "1"]
[White "Baumegger, Siegfried"]
[Black "Fressinet, Laurent"]
[Result "0-1"]
[WhiteElo "2442"]
[BlackElo "2670"]
[EventDate "2010.03.06"]
[PlyCount "50"]

1.d4 Nf6 2.c4 e6 3.Nf3 d5 4.g3 Bb4+ 5.Bd2 Bd6 6.Bg2 O-O 7.O-O c6 8.Qc2 
Nbd7 9.Bg5 h6 10.Bxf6 Qxf6 11.Nc3 Qe7 12.c5 Bc7 13.e4 dxe4 14.Nxe4 e5 15.
Rfe1 f5 16.Nd6 e4 17.Nh4 Bxd6 18.Nxf5 Rxf5 19.Bxe4 Rf8 20.Bh7+ Kh8 21.Rxe7
Bxe7 22.Re1 Bf6 23.Qe4 Rd8 24.Bg6 Nf8 25.Bf7 Rxd4 0-1

[Event "11th EUR-ch"]
[Site "Rijeka CRO"]
[Date "2010.03.06"]
[Round "1"]
[White "Georgiev, Kiril"]
[Black "Popilski, Gil"]
[Result "1-0"]
[WhiteElo "2669"]
[BlackElo "2441"]
[EventDate "2010.03.06"]
[PlyCount "122"]

1.Nf3 c5 2.c4 b6 3.Nc3 Bb7 4.d4 cxd4 5.Nxd4 Nf6 6.f3 e6 7.e4 d6 8.Be2 Be7 
9.Be3 O-O 10.O-O a6 11.Qd2 Qc7 12.Rac1 Nbd7 13.Rfd1 Rac8 14.Kh1 Qb8 15.b4 
Bd8 16.Nb3 Bc7 17.Bf4 Ne8 18.a4 Ndf6 19.Qe1 Nh5 20.Be3 d5 21.Qg1 dxc4 22.
Nd2 b5 23.axb5 axb5 24.Bc5 Nef6 25.Bxf8 Rxf8 26.g3 Bxg3 27.hxg3 Nxg3+ 28.
Kg2 Nfh5 29.Qe3 Nf4+ 30.Kf2 Nh3+ 31.Ke1 f5 32.e5 f4 33.Qc5 Qd8 34.Nde4 Qh4
35.Kd2 Bxe4 36.Nxe4 Nxe4+ 37.fxe4 f3 38.Bf1 Nf2 39.Qe3 Nxe4+ 40.Kc2 Ra8 
41.Ra1 Rf8 42.Kc1 Nf2 43.Rd7 Ng4 44.Qc5 Qe1+ 45.Kb2 Qxe5+ 46.Qxe5 Nxe5 47.
Re7 h5 48.Kc3 Rf5 49.Rxe6 g5 50.Kd4 Nf7 51.Ke4 Rf4+ 52.Ke3 Rf5 53.Kf2 g4 
54.Kg3 Kg7 55.Ra7 Rg5 56.Kf4 Rg6 57.Rxg6+ Kxg6 58.Rb7 Nd8 59.Rxb5 Ne6+ 60.
Kg3 Nd4 61.Rd5 Ne2+ 1-0

[Event "11th EUR-ch"]
[Site "Rijeka CRO"]
[Date "2010.03.06"]
[Round "1"]
[White "Vernay, Clovis"]
[Black "Moiseenko, Olexandr"]
[Result "0-1"]
[WhiteElo "2440"]
[BlackElo "2668"]
[EventDate "2010.03.06"]
[PlyCount "64"]

1.d4 Nf6 2.c4 e6 3.Nf3 d5 4.Nc3 Bb4 5.Bg5 Nbd7 6.Bxf6 Qxf6 7.e3 c5 8.cxd5 
exd5 9.Bb5 O-O 10.O-O Bxc3 11.bxc3 c4 12.a4 Qe7 13.Bxd7 Bxd7 14.Qb1 Rab8 
15.Re1 Bc6 16.Qb2 f6 17.Reb1 b6 18.Nd2 Qc7 19.Qa3 Rfe8 20.Rb2 Re6 21.a5 b5
22.Nf3 Be8 23.Qb4 Bg6 24.h3 a6 25.Qa3 Be4 26.Nd2 f5 27.Nf1 Rg6 28.Ng3 h5 
29.Qc5 Qd7 30.Nxh5 Rxg2+ 31.Kf1 Bf3 32.Ng3 f4 0-1

[Event "11th EUR-ch"]
[Site "Rijeka CRO"]
[Date "2010.03.06"]
[Round "1"]
[White "Butnorius, Algimantas"]
[Black "Grachev, Boris"]
[Result "0-1"]
[WhiteElo "2437"]
[BlackElo "2667"]
[EventDate "2010.03.06"]
[PlyCount "68"]

1.c4 c6 2.e4 d5 3.exd5 cxd5 4.d4 Nf6 5.Nc3 Nc6 6.Bg5 dxc4 7.Bxc4 h6 8.Be3 
e6 9.Nf3 Bd6 10.O-O O-O 11.Re1 b6 12.Qe2 Bb7 13.Rad1 Ne7 14.Ne5 Rc8 15.Bc1
Ned5 16.Nxd5 Bxd5 17.Bxd5 Nxd5 18.Qg4 f5 19.Qf3 Bxe5 20.Rxe5 Qd7 21.h3 Rc2
22.Rde1 Rf6 23.Qd1 Qc6 24.R5e2 Rc4 25.Kh1 Nb4 26.Bf4 Nc2 27.d5 exd5 28.Be5
Nxe1 29.Rxe1 Re6 30.f4 d4 31.Qd3 Rc2 32.Re2 Rxe2 33.Qxe2 Qc1+ 34.Kh2 Qxf4+
0-1

[Event "11th EUR-ch"]
[Site "Rijeka CRO"]
[Date "2010.03.06"]
[Round "1"]
[White "Inarkiev, Ernesto"]
[Black "Gutov, Andrey"]
[Result "1-0"]
[WhiteElo "2667"]
[BlackElo "2437"]
[EventDate "2010.03.06"]
[PlyCount "81"]

1.e4 e5 2.Nf3 Nc6 3.Bb5 a6 4.Ba4 Nf6 5.O-O Be7 6.Re1 b5 7.Bb3 d6 8.c3 O-O 
9.h3 Na5 10.Bc2 c5 11.d4 Qc7 12.Nbd2 Re8 13.b3 Bd7 14.Nf1 g6 15.Bd2 Bf8 
16.Bg5 Bg7 17.Rc1 exd4 18.cxd4 cxd4 19.Nxd4 Qb7 20.Qf3 Nh5 21.Rcd1 Re5 22.
Bd2 Nc6 23.Nxc6 Bxc6 24.Bc3 Re6 25.Bxg7 Kxg7 26.Qc3+ Kg8 27.Ne3 Rae8 28.
Ng4 f6 29.b4 Kg7 30.Bb3 d5 31.Rc1 Nf4 32.Kh2 h5 33.exd5 Bxd5 34.Nxf6 Rxf6 
35.Rxe8 Bf7 36.f3 Bxe8 37.Qe5 Qb6 38.Rc7+ Kh6 39.h4 Bf7 40.Bxf7 Qd6 41.Bg8
1-0

[Event "11th EUR-ch"]
[Site "Rijeka CRO"]
[Date "2010.03.06"]
[Round "1"]
[White "Smirnov, Artem"]
[Black "Naer, Evgeny"]
[Result "1-0"]
[WhiteElo "2435"]
[BlackElo "2665"]
[EventDate "2010.03.06"]
[PlyCount "55"]

1.d4 Nf6 2.Bg5 d5 3.Bxf6 gxf6 4.c4 dxc4 5.e3 c5 6.Bxc4 cxd4 7.exd4 Bg7 8.
Nc3 O-O 9.Nge2 Nc6 10.Qd2 f5 11.Rd1 Bd7 12.O-O Rc8 13.Qe3 Na5 14.Bd3 Nc4 
15.Bxc4 Rxc4 16.Ng3 f4 17.Qxf4 e5 18.Qf3 exd4 19.Nce4 Rc6 20.Nf5 Rg6 21.
Neg3 Bc6 22.Qf4 d3 23.Rfe1 Bxb2 24.Ne7+ Kg7 25.Qb4 Bf6 26.Nh5+ Kh8 27.
Nxg6+ fxg6 28.Rxd3 1-0

[Event "11th EUR-ch"]
[Site "Rijeka CRO"]
[Date "2010.03.06"]
[Round "1"]
[White "Korobov, Anton"]
[Black "Boskovic, Drasko"]
[Result "1/2-1/2"]
[WhiteElo "2663"]
[BlackElo "2434"]
[EventDate "2010.03.06"]
[PlyCount "87"]

1.d4 Nf6 2.c4 g6 3.Nc3 d5 4.cxd5 Nxd5 5.e4 Nxc3 6.bxc3 Bg7 7.Bc4 c5 8.Ne2 
O-O 9.O-O Nc6 10.Be3 Qc7 11.Rc1 Rd8 12.h3 a6 13.Bf4 Qa5 14.Qb3 e6 15.d5 b5
16.dxc6 bxc4 17.Qxc4 e5 18.Be3 Be6 19.Qxc5 Qxc5 20.Bxc5 Rdc8 21.Rc2 Rxc6 
22.Be3 Rac8 23.Rd1 Bf8 24.f3 Kg7 25.Kf2 Bc4 26.f4 Bc5 27.fxe5 Bxe3+ 28.
Kxe3 Bxe2 29.Rxe2 Rxc3+ 30.Kf4 Re8 31.Rb2 Re7 32.h4 h6 33.Rd5 Ra3 34.g4 
Rh3 35.Rb8 Rh1 36.Ra8 Rf1+ 37.Ke3 Rg1 38.Kd4 Rxg4 39.Rdd8 f5 40.Rg8+ Kh7 
41.Kd5 Rxe4 42.Rh8+ Kg7 43.Rag8+ Kf7 44.Rf8+ 1/2-1/2

[Event "11th EUR-ch"]
[Site "Rijeka CRO"]
[Date "2010.03.06"]
[Round "1"]
[White "Nisipeanu, Liviu-Dieter"]
[Black "Kurmann, Oliver"]
[Result "1-0"]
[WhiteElo "2661"]
[BlackElo "2432"]
[EventDate "2010.03.06"]
[PlyCount "117"]

1.Nf3 Nf6 2.g3 d5 3.Bg2 c6 4.O-O Bg4 5.d4 e6 6.Nbd2 Nbd7 7.Re1 Be7 8.e4 
O-O 9.c3 Bh5 10.e5 Ne8 11.Nb3 a5 12.Be3 a4 13.Nc1 c5 14.Nd3 Nc7 15.Nf4 Bg4
16.h3 cxd4 17.hxg4 dxe3 18.Rxe3 Nb6 19.Qc2 Nc4 20.Ree1 Na6 21.Bf1 Nc5 22.
b4 axb3 23.axb3 Na3 24.Qb2 Ne4 25.b4 Qb6 26.Nd4 Nxc3 27.Qxc3 Bxb4 28.Qb2 
Bc5 29.Qxb6 Bxb6 30.Nf3 Nc2 31.Rxa8 Rxa8 32.Rb1 Nd4 33.Kg2 Nxf3 34.Kxf3 
Bd4 35.Nd3 b6 36.g5 g6 37.Kg4 Kg7 38.f4 Rc8 39.Ne1 Ra8 40.Nc2 Bc5 41.Ra1 
Rxa1 42.Nxa1 h6 43.gxh6+ Kxh6 44.Nb3 Bg1 45.Nd2 Bc5 46.Nf3 Kg7 47.Ng5 Kf8 
48.Nh7+ Ke7 49.Kg5 Bf2 50.g4 Be3 51.Bb5 Bc1 52.Nf6 Bd2 53.Ne8 Bc1 54.Nd6 
Be3 55.Nc8+ Kd8 56.Ba6 Kd7 57.Kf6 b5 58.Nd6 b4 59.Bb5+ 1-0

[Event "11th EUR-ch"]
[Site "Rijeka CRO"]
[Date "2010.03.06"]
[Round "1"]
[White "Cioara, Andrei-Nestor"]
[Black "Riazantsev, Alexander"]
[Result "0-1"]
[WhiteElo "2430"]
[BlackElo "2660"]
[EventDate "2010.03.06"]
[PlyCount "130"]

1.d4 Nf6 2.c4 g6 3.g3 Bg7 4.Bg2 O-O 5.Nc3 d6 6.Nf3 Nc6 7.O-O a6 8.h3 Bd7 
9.e4 e5 10.d5 Nd4 11.Be3 Nxf3+ 12.Qxf3 Qc8 13.Bg5 Nh5 14.g4 Nf4 15.Bxf4 
exf4 16.Qxf4 b5 17.cxb5 axb5 18.a3 Rb8 19.Rfc1 b4 20.Nd1 Ba4 21.Rc4 Bxd1 
22.Rxd1 bxa3 23.bxa3 Qa6 24.Rxc7 Qxa3 25.Qc1 Bb2 26.Qc2 Be5 27.Rb1 Rxb1+ 
28.Qxb1 Qa5 29.Qc1 Bb2 30.Qc2 Bd4 31.Rc4 Qa7 32.Bf1 Kg7 33.Ra4 Qb6 34.Kg2 
Rb8 35.Qd2 Be5 36.Ra2 Qb3 37.Qc2 Qb4 38.Ra7 Bd4 39.Ra4 Qb6 40.Qd2 Be5 41.
Ra2 Qb3 42.Qc2 Qb4 43.Ra7 h6 44.Qc4 Qb2 45.Ra2 Qb6 46.Qc2 Qd8 47.Qd3 Rb7 
48.Qe3 Qf6 49.Qf3 Qg5 50.Rc2 Ra7 51.Bb5 Re7 52.Bd3 Bd4 53.Qg3 Be5 54.Qf3 
Rb7 55.Ba6 Rb4 56.Bc8 Qd8 57.Qe3 Qa5 58.Qf3 Rb1 59.Qd3 Qe1 60.Kf3 Qh1+ 61.
Ke3 Qxh3+ 62.f3 Qg3 63.Ba6 Bf4+ 64.Kd4 Qg1+ 65.Kc3 Be5+ 0-1

[Event "11th EUR-ch"]
[Site "Rijeka CRO"]
[Date "2010.03.06"]
[Round "1"]
[White "Berkes, Ferenc"]
[Black "Delorme, Axel"]
[Result "1-0"]
[WhiteElo "2659"]
[BlackElo "2429"]
[EventDate "2010.03.06"]
[PlyCount "79"]

1.c4 Nf6 2.Nc3 e5 3.Nf3 Nc6 4.g3 Nd4 5.Bg2 Nxf3+ 6.Bxf3 Bb4 7.Bg2 O-O 8.
O-O Re8 9.d3 c6 10.Bd2 a6 11.Rc1 d6 12.h3 Bc5 13.Kh2 h6 14.b3 Ba7 15.e4 b5
16.f4 Nd7 17.f5 Bb7 18.g4 Kf8 19.Qf3 Qh4 20.Ne2 Nf6 21.Ng3 Rad8 22.Rc2 Rd7
23.Rfc1 Red8 24.Ba5 Re8 25.Be1 Qg5 26.Bd2 Qh4 27.Bf1 Ke7 28.Be2 Bd4 29.Kg2
Kd8 30.Rh1 d5 31.cxd5 cxd5 32.Rhc1 Bb6 33.Be3 d4 34.Bd2 Nh7 35.Nh5 Rg8 36.
Kh2 g6 37.Ng3 Qe7 38.Qf1 g5 39.Qe1 Bc7 40.Rxc7 1-0

[Event "11th EUR-ch"]
[Site "Rijeka CRO"]
[Date "2010.03.06"]
[Round "1"]
[White "Potapov, Pavel"]
[Black "Laznicka, Viktor"]
[Result "1-0"]
[WhiteElo "2427"]
[BlackElo "2659"]
[EventDate "2010.03.06"]
[PlyCount "47"]

1.e4 c5 2.c3 Nf6 3.e5 Nd5 4.Nf3 d6 5.d4 cxd4 6.cxd4 Nc6 7.Bc4 dxe5 8.dxe5 
Ndb4 9.Qxd8+ Nxd8 10.Na3 a6 11.O-O b5 12.Be2 Ndc6 13.Be3 g6 14.Rfc1 Bb7 
15.Nxb5 axb5 16.Bxb5 Ra5 17.a4 e6 18.Nd4 Kd7 19.Nxc6 Bxc6 20.Bb6 Bxb5 21.
Rc7+ Ke8 22.Bxa5 Bd7 23.Bxb4 Bxb4 24.Rd1 1-0

[Event "11th EUR-ch"]
[Site "Rijeka CRO"]
[Date "2010.03.06"]
[Round "1"]
[White "Zueger, Beat"]
[Black "Cheparinov, Ivan"]
[Result "0-1"]
[WhiteElo "2425"]
[BlackElo "2657"]
[EventDate "2010.03.06"]
[PlyCount "94"]

1.c4 Nf6 2.g3 c6 3.Nf3 d5 4.b3 Bg4 5.Bg2 Nbd7 6.Bb2 Bxf3 7.Bxf3 e5 8.cxd5 
cxd5 9.Nc3 d4 10.Ne4 Nxe4 11.Bxe4 Qb6 12.e3 dxe3 13.fxe3 Nc5 14.Qf3 Nxe4 
15.Qxe4 f6 16.Qa4+ Qc6 17.Qxc6+ bxc6 18.Rc1 Kd7 19.Ke2 Bd6 20.Rc4 a5 21.
Rhc1 Ra6 22.Ra4 Rb8 23.Bc3 Rb5 24.g4 Ra8 25.h3 Bc7 26.b4 Ra7 27.Rf1 Ke6 
28.Rc1 c5 29.a3 Kd5 30.bxa5 Bxa5 31.e4+ Kc6 32.Rf1 Kb6 33.Rf3 Bxc3 34.Rxa7
Kxa7 35.Rxc3 Kb6 36.Rd3 Kc6 37.Rd8 Rb3 38.Rd3 c4 39.Rd8 Rxa3 40.Rc8+ Kd6 
41.Rxc4 Rxh3 42.d4 exd4 43.Rxd4+ Ke5 44.Rd7 g6 45.Re7+ Kf4 46.Rf7 Re3+ 47.
Kf2 Rxe4 0-1

[Event "11th EUR-ch"]
[Site "Rijeka CRO"]
[Date "2010.03.06"]
[Round "1"]
[White "Khismatullin, Denis"]
[Black "Malakhov, Igor"]
[Result "1/2-1/2"]
[WhiteElo "2657"]
[BlackElo "2425"]
[EventDate "2010.03.06"]
[PlyCount "176"]

1.d4 Nf6 2.c4 c5 3.d5 g6 4.Nc3 Bg7 5.e4 O-O 6.g4 d6 7.g5 Ne8 8.Bd3 e6 9.
Nge2 exd5 10.cxd5 Nc7 11.Be3 b5 12.a3 c4 13.Bc2 Bg4 14.f4 Nd7 15.h3 Bxe2 
16.Qxe2 a5 17.O-O Re8 18.Rae1 b4 19.Nd1 bxa3 20.bxa3 Nb5 21.Ba4 Nd4 22.Qg2
Rxe4 23.Qxe4 Nc5 24.Qg2 Nxa4 25.Bxd4 Bxd4+ 26.Kh2 Rb8 27.Re4 Bg7 28.Rxc4 
Nc5 29.Rc2 Qd7 30.Re2 Rb3 31.Rf3 a4 32.Nf2 Kf8 33.Ng4 Qf5 34.Qf1 Qxd5 35.
Rfe3 Rxe3 36.Rxe3 Bd4 37.Rf3 Ne6 38.Qe2 Qc6 39.Rf1 Qc3 40.Rf3 Qc1 41.Rf1 
Qxa3 42.Nf6 Qb2 43.Nd7+ Ke7 44.Qxb2 Bxb2 45.Nb6 Nxf4 46.Nxa4 Be5 47.Kg3 
Nd5+ 48.Kf3 Ke6 49.Rb1 f6 50.Rb7 Ne7 51.h4 fxg5 52.hxg5 Bg7 53.Nb6 h6 54.
Nc8 Nxc8 55.Rxg7 hxg5 56.Rxg6+ Kf5 57.Rg8 Ne7 58.Rf8+ Ke6 59.Kg4 Ng6 60.
Rf1 Ne5+ 61.Kxg5 Nf7+ 62.Kf4 Ne5 63.Re1 Kf6 64.Rh1 Nf7 65.Ke4 Ke6 66.Kd4 
d5 67.Rh5 Kf6 68.Kxd5 Ng5 69.Rh1 Nf7 70.Re1 Ng5 71.Rf1+ Ke7 72.Rf4 Nf7 73.
Rf5 Nd8 74.Rg5 Nf7 75.Rg6 Nd8 76.Ra6 Nf7 77.Re6+ Kd7 78.Re1 Nd8 79.Ke5 
Nc6+ 80.Kf6 Kd6 81.Rd1+ Kc5 82.Kf5 Nd4+ 83.Ke5 Nc6+ 84.Ke4 Ne7 85.Rd7 Nc6 
86.Rd5+ Kc4 87.Rh5 Nb4 88.Rh1 Kc5 1/2-1/2